The tools of the trade (Record no. 81360)
[ view plain ]
| 000 -LEADER | |
|---|---|
| fixed length control field | 01295cab a22003015a 4500 |
| 001 - CONTROL NUMBER | |
| control field | L147045 |
| 008 - FIXED-LENGTH DATA ELEMENTS--GENERAL INFORMATION | |
| fixed length control field | 090325e2009 xxk f v 000 0 eng d |
| 035 ## - SYSTEM CONTROL NUMBER | |
| System control number | (Sirsi) u147045 |
| 041 0# - LANGUAGE CODE | |
| Language code of text/sound track or separate title | eng |
| 100 1# - MAIN ENTRY--PERSONAL NAME | |
| Personal name | Dowding, Nicholas |
| 245 04 - TITLE STATEMENT | |
| Title | The tools of the trade |
| 260 ## - PUBLICATION, DISTRIBUTION, ETC. | |
| Date of publication, distribution, etc. | 2009 |
| 490 #0 - SERIES STATEMENT | |
| Series statement | Estates Gazette |
| Volume/sequential designation | (0911) 21 March 2009, 110-112(2) |
| 520 ## - SUMMARY, ETC. | |
| Summary, etc. | Explains that dilapidations claims are returning, so landlords and tenants need to be aware of the statutory cap on damages. With reference to relevant case law, sets out how landlords approach section 18(1) of the Landlord and Tenant Act 1927 and then discusses other events after the term date as well as expert evidence on diminution. Concludes by discussing the meaning of value. |
| 590 ## - LOCAL NOTE (RLIN) | |
| Local note | KA |
| 650 24 - SUBJECT ADDED ENTRY--TOPICAL TERM | |
| Topical term or geographic name entry element | LANDLORD AND TENANT ACT 1927 S18(1) |
| 650 24 - SUBJECT ADDED ENTRY--TOPICAL TERM | |
| Topical term or geographic name entry element | SMILEY V TOWNSHEND |
| 650 24 - SUBJECT ADDED ENTRY--TOPICAL TERM | |
| Topical term or geographic name entry element | FAMILY MANAGEMENT V GRAY |
| 650 24 - SUBJECT ADDED ENTRY--TOPICAL TERM | |
| Topical term or geographic name entry element | LATIMER V CARNEY |
| 650 24 - SUBJECT ADDED ENTRY--TOPICAL TERM | |
| Topical term or geographic name entry element | CROWN ESTATE COMMISSIONERS V TOWN INVESTMENTS LTD |
| 650 24 - SUBJECT ADDED ENTRY--TOPICAL TERM | |
| Topical term or geographic name entry element | JONES V HERXHEIMER |
| 650 24 - SUBJECT ADDED ENTRY--TOPICAL TERM | |
| Topical term or geographic name entry element | CREWE SERVICES & INVESTMENT CORPORATION V SILK |
| 650 24 - SUBJECT ADDED ENTRY--TOPICAL TERM | |
| Topical term or geographic name entry element | RUXLEY ELECTRONICS & CONSTRUCTION LTD V FORSYTH |
| 651 #4 - SUBJECT ADDED ENTRY--GEOGRAPHIC NAME | |
| Geographic name | England and Wales |
| Chronological subdivision | 1543- |
| 690 ## - LOCAL SUBJECT ADDED ENTRY--TOPICAL TERM (OCLC, RLIN) | |
| Topical term or geographic name as entry element | PROPERTY-LANDLORD AND TENANT-DILAPIDATIONS |
| 700 1# - ADDED ENTRY--PERSONAL NAME | |
| Personal name | Cohen, Roger |
| 942 ## - ADDED ENTRY ELEMENTS (KOHA) | |
| Suppress in OPAC | 0 |
| Withdrawn status | Lost status | Source of classification or shelving scheme | Damaged status | Not for loan | Home library | Current library | Shelving location | Date acquired | Total Checkouts | Full call number | Barcode | Date last seen | Copy number | Price effective from | Koha item type |
|---|---|---|---|---|---|---|---|---|---|---|---|---|---|---|---|
| Dewey Decimal Classification | London | London | Journal article | 25/03/2009 | L147045 | 147045-1001 | 06/08/2019 | 1 | 06/08/2019 | Journal article |